Análisis de estructuras de concreto reforzado sujetas a cargas laterales
Guardado en:
| 主要作者: | |
|---|---|
| 格式: | 未知 |
| 出版: |
[San José, Costa Rica]
1969
|
| 主題: | |
| 標簽: |
添加標簽
沒有標簽, 成為第一個標記此記錄!
|
MARC
| LEADER | 00000 a2200000 4500 | ||
|---|---|---|---|
| 003 | 011300 | ||
| 005 | 20221231143814.0 | ||
| 008 | 140114s1969 c a m 000 ||s d | ||
| 040 | |c cru CEDI | ||
| 090 | |a TFG 359 | ||
| 100 | |a López Rodríguez, Norman |9 17818 | ||
| 245 | |a Análisis de estructuras de concreto reforzado sujetas a cargas laterales | ||
| 260 | |c 1969 |a [San José, Costa Rica] | ||
| 300 | |a 112 hojas : cuadros, gráficos ; 29 cm | ||
| 500 | |a Tesis (Ingeniero Civil) Universidad de Costa Rica | ||
| 501 | |a Ed. mimeografiada | ||
| 650 | |x HORMIGON ARMADO |9 17819 | ||
| 942 | |c TFG | ||
| 999 | |c 12256 |d 12256 | ||
